00621 2200229 4500001002100000005001700021008004100038035002500079041000800104043001200112082000800124090001500132100002300147245006500170250001100235260003600246300003200282500002900314650002400343850001200367990001200379YOGYA-0209000000455820150601101928.0 ind  a0010-020900000004558 aInd aYOPDYOG a001 a001bSin P aSINGARIMBUN, Masri aPedoman praktis membuat usulan penelitiancMasri Singarimbun aCet. 1 aJakartabGhalia Indonesiac1984 a127 hlm. :bilus. ;c21 cm. aBibliografi : hlm. 89-93 aPenelitian - Usulan aYOPDYOG a28912-P